000 00369nam a22001337u 4500
008 130405s1976 xxu||||| |||| 00| 0 spa d
041 _aspa
245 0 0 _aHaciendo comunidad
_b:1.Adviento, Navidad, Epifanía.
260 _aMadrid:
_bCaritas española,
_c1976
300 _a16 h.
_c;21 cm.
650 0 4 _aLiturgia
_xNavidad y adviento
_918909
942 _cBK
001 37494
999 _c287242
_d287242